00401nmm a2200133Ia 4500008004100000020001800041041000800059100001700067245002400084264008000108300001600188650001200204856005100216251105s9999||||xx |||||||||||||||||und|| a9788468735672 aspa aLane, Soraya 0aDe soldado a papá a[Madrid, España] :bHarlequin, c[Fecha de publicación no identificada] a0 páginas aRomance uhttps://public.digitaliapublishing.com/a/96503